000 01052nam a22002777a 4500
999 _c21416
_d21416
003 AR-CdUCM
008 190319b ||||| |||| 00| 0 spa d
020 _a9786034019843
040 _aMUNICIPALIDAD PROVINCIAL DEL CUSCO
_cBIBLIOTECA MUNICIPAL DEL CUSCO
082 _a658.404/M36
_bM36
100 _aMedianero Burga, David
_944680
245 _aProyectos de inversión pública :
_bTeoría e instrumentos de identificación, formulación y evaluación /
260 _aLima ;
_bUniversidad Peruana de Ciencias Aplicadas (UPC),
_c2008.
300 _a464 Páginas. :
_c24x16 cm.
505 _aContenido: Sistema Nacional de Inversión Pública ...
650 _aDiseño de proyectos
_944681
650 _aProyectos de inversión
_915127
650 _aInversiones públicas
_944682
650 _aEstudio de viabilidad
_944683
650 _aEvaluación de proyectos
_915126
650 _aMetodología
_92264
650 _aPerú
_944684
710 _aUniversidad Peruana de Ciencias Aplicadas (UPC)
_944601
942 _2ddc
_cLIBROS
945 _aRoel